曜日のつく駅の東西南北端 - Statistics

General Stats
  • This quiz has been taken 9 times
  • The average score is 4 of 24
Answer Stats
Answer % Correct
日進(北海道)
38%
二月田
38%
二月田
38%
水成川
38%
日進(北海道)
38%
月寒中央
38%
浜小清水
25%
土沢
25%
土井
25%
佐土原
25%
浜小清水
25%
黄金(北海道)
25%
新月
13%
八木沢・宮古短大
13%
金浜
13%
日宇
13%
日向北方
13%
西出水
0%
西木場
0%
金武
0%
広木
0%
金武
0%
仁木
0%
土深井
0%
No matching quizzes found
Score Distribution
Percent of People with Each Score
Percentile by Number Answered
Your Score History
You have not taken this quiz